000 00454nam a2200181Ia 4500
001 19737
005 20260306172715.0
008 260306t2007||||xx |||||||||||||| ||spa||
041 _aESP
082 _a341
_bO47
100 _aOllero, Andrés
_eAUT
245 0 _aEl derecho en teoría:
_bperplejidades jurídicas para crédulos
260 _c2007
300 _a265 páginas :
_c24 cm.
650 _aGEN
654 _aCDE
942 _cLIB
_dJUS
_fJUS
_2ddc
_n
999 _c19737
_d19737